[Event "DSJ Weihnachtsturnier U16: Lasker 2020"]
[Site ""]
[Date "2020.12.28"]
[Round "3"]
[White "Aumüller, Naum"]
[Black "Glowiak, Maximilian"]
[Result "1-0"]
[Termination "normal"]
[Board "9.3"]
[WhiteElo "1622"]
[BlackElo "1420"]
[WhiteTeam "SC Bavaria Regensburg von 1881"]
[BlackTeam "Schachfr. Bischofswerda"]
[PlyCount "91"]
[WhiteFideId "16263960"]
[BlackFideId "16259521"]
[EventRounds "7"]
[EventType "team-swiss"]
[EventDate "2020.12.28"]

1. e4 {[%emt 0:00:23]} c5 {[%emt 0:00:03]} 2. Nf3 {[%emt 0:00:02]} d6 {[%emt
0:00:03]} 3. d4 {[%emt 0:00:01]} cxd4 {[%emt 0:00:01]} 4. Qxd4 {[%emt 0:00:00]}
Nc6 {[%emt 0:00:02]} 5. Bb5 {[%emt 0:00:03]} Bd7 {[%emt 0:00:06]} 6. Bxc6 {
[%emt 0:00:02]} Bxc6 {[%emt 0:00:01]} 7. Nc3 {[%emt 0:00:01]} Nf6 {[%emt
0:00:21]} 8. Bg5 {[%emt 0:00:03]} e6 {[%emt 0:00:24]} 9. O-O-O {[%emt 0:00:02]}
Be7 {[%emt 0:00:22]} 10. Rhe1 {[%emt 0:00:08]} O-O {[%emt 0:00:12]} 11. Bxf6 {
[%emt 0:00:04]} Bxf6 {[%emt 0:00:05]} 12. Qxd6 {[%emt 0:00:03]} Qxd6 {[%emt
0:00:31]} 13. Rxd6 {[%emt 0:00:03]} Rfd8 {[%emt 0:00:08]} 14. e5 {[%emt
0:00:10]} Be7 {[%emt 0:00:14]} 15. Rdd1 {[%emt 0:00:29]} Rxd1+ {[%emt 0:00:18]}
16. Rxd1 {[%emt 0:00:02]} Rd8 {[%emt 0:00:02]} 17. Rd2 {[%emt 0:00:26]} Bxf3
{[%emt 0:00:27]} 18. Rxd8+ {[%emt 0:00:03]} Bxd8 {[%emt 0:00:03]} 19. gxf3
{[%emt 0:00:01]} Bg5+ {[%emt 0:00:12]} 20. Kd1 {[%emt 0:00:05]} Bf4 {[%emt
0:00:04]} 21. h3 {[%emt 0:01:17]} Bxe5 {[%emt 0:00:07]} 22. Kd2 {[%emt
0:00:04]} Bxc3+ {[%emt 0:02:14]} 23. Kxc3 {[%emt 0:00:08]} g5 {[%emt 0:00:04]}
24. Kd4 {[%emt 0:00:03]} Kg7 {[%emt 0:00:09]} 25. Ke5 {[%emt 0:00:05]} Kg6
{[%emt 0:00:11]} 26. c4 { [%emt 0:00:09]} Kh5 {[%emt 0:01:07]} 27. b4 {[%emt
0:00:06]} Kh4 {[%emt 0:00:03]} 28. c5 {[%emt 0:00:02]} Kxh3 {[%emt 0:00:04]}
29. b5 {[%emt 0:00:01]} h5 { [%emt 0:00:03]} 30. c6 {[%emt 0:00:01]} bxc6
{[%emt 0:00:17]} 31. bxc6 { [%emt 0:00:01]} Kg2 {[%emt 0:00:02]} 32. c7 {[%emt
0:00:02]} h4 {[%emt 0:00:01] } 33. c8=Q {[%emt 0:00:12]} h3 {[%emt 0:00:03]}
34. Qg8 {[%emt 0:00:32]} h2 { [%emt 0:00:26]} 35. Qxg5+ {[%emt 0:00:07]} Kxf2
{[%emt 0:00:03]} 36. Qh4+ { [%emt 0:00:08]} Kg2 {[%emt 0:00:02]} 37. Qg4+
{[%emt 0:00:02]} Kf2 {[%emt 0:00:11]} 38. Qh3 {[%emt 0:00:03]} Kg1 {[%emt
0:00:02]} 39. Qg3+ {[%emt 0:00:01]} Kh1 {[%emt 0:00:03]} 40. Ke4 {[%emt
0:00:18]} f5+ {[%emt 0:00:02]} 41. Ke3 { [%emt 0:00:07]} f4+ {[%emt 0:00:11]}
42. Kxf4 {[%emt 0:00:07]} e5+ {[%emt 0:00:03]} 43. Ke3 {[%emt 0:00:07]} e4
{[%emt 0:00:06]} 44. fxe4 {[%emt 0:00:01]} a5 {[%emt 0:00:02]} 45. Kf2 {[%emt
0:00:01]} a4 {[%emt 0:00:01]} 46. Qg2# { [%emt 0:00:01]} 1-0

[Event "DSJ Weihnachtsturnier U16: Lasker 2020"]
[Site ""]
[Date "2020.12.28"]
[Round "3"]
[White "Golubev, Egor"]
[Black "Pavlov, Liliane"]
[Result "0-1"]
[Termination "normal"]
[Board "9.4"]
[WhiteElo "1589"]
[BlackElo "1740"]
[WhiteTeam "Schachfr. Bischofswerda"]
[BlackTeam "SC Bavaria Regensburg von 1881"]
[PlyCount "126"]
[WhiteFideId "24287474"]
[BlackFideId "16225449"]
[EventRounds "7"]
[EventType "team-swiss"]
[EventDate "2020.12.28"]

1. Nf3 {[%emt 0:00:03]} Nc6 {[%emt 0:00:08]} 2. d4 {[%emt 0:00:03]} d5 { [%emt
0:00:44]} 3. g3 {[%emt 0:00:03]} g6 {[%emt 0:00:15]} 4. Bg2 {[%emt 0:00:02]}
Bg7 {[%emt 0:00:15]} 5. O-O {[%emt 0:00:04]} Nf6 {[%emt 0:00:17]} 6. e4 { [%emt
0:00:00]} Nxe4 {[%emt 0:00:08]} 7. Nc3 {[%emt 0:00:30]} O-O {[%emt 0:00:18]} 8.
Bf4 {[%emt 0:00:30]} a6 {[%emt 0:00:44]} 9. Ne5 {[%emt 0:00:00]} Nxc3 { [%emt
0:01:11]} 10. bxc3 {[%emt 0:00:05]} Na5 {[%emt 0:00:28]} 11. Qe2 { [%emt
0:01:00]} f6 {[%emt 0:00:45]} 12. Nd3 {[%emt 0:00:14]} Nc4 {[%emt 0:00:14]} 13.
Nc5 {[%emt 0:00:13]} e5 {[%emt 0:00:16]} 14. dxe5 {[%emt 0:00:28]} fxe5 {[%emt
0:00:09]} 15. Be3 {[%emt 0:00:24]} b6 {[%emt 0:00:24]} 16. Rad1 { [%emt
0:00:57]} c6 {[%emt 0:00:22]} 17. Ne4 {[%emt 0:00:37]} Qc7 {[%emt 0:00:38]} 18.
Nd2 {[%emt 0:00:15]} Nxe3 {[%emt 0:00:29]} 19. Qxe3 {[%emt 0:00:09]} Bf5 {[%emt
0:00:27]} 20. Rc1 {[%emt 0:00:27]} Rae8 {[%emt 0:00:49]} 21. c4 { [%emt
0:00:42]} d4 {[%emt 0:00:29]} 22. Qb3 {[%emt 0:00:17]} c5 {[%emt 0:00:15] } 23.
Ne4 {[%emt 0:00:28]} Bh6 {[%emt 0:00:16]} 24. Rcd1 {[%emt 0:00:18]} Be6 { [%emt
0:00:19]} 25. Qd3 {[%emt 0:00:21]} Qd7 {[%emt 0:00:08]} 26. c3 {[%emt 0:00:26]}
Bg7 {[%emt 0:00:16]} 27. a3 {[%emt 0:00:08]} Qc7 {[%emt 0:00:02]} 28. Rfe1
{[%emt 0:00:08]} Rb8 {[%emt 0:00:01]} 29. Rf1 {[%emt 0:00:10]} Bf5 { [%emt
0:00:01]} 30. Qd2 {[%emt 0:00:13]} Rfd8 {[%emt 0:00:01]} 31. Rfe1 { [%emt
0:00:05]} Be6 {[%emt 0:00:01]} 32. Qd3 {[%emt 0:00:02]} Qf7 {[%emt 0:00:01]}
33. Nd2 {[%emt 0:00:03]} b5 {[%emt 0:00:03]} 34. cxb5 {[%emt 0:00:09]} axb5
{[%emt 0:00:00]} 35. Rb1 {[%emt 0:00:14]} c4 {[%emt 0:00:02]} 36. Qc2 { [%emt
0:00:12]} d3 {[%emt 0:00:01]} 37. Qb2 {[%emt 0:00:03]} Bd5 {[%emt 0:00:03]} 38.
Qb4 {[%emt 0:00:03]} Bxg2 {[%emt 0:00:03]} 39. Kxg2 {[%emt 0:00:01]} Qd5+
{[%emt 0:00:00]} 40. Kg1 {[%emt 0:00:06]} Rf8 {[%emt 0:00:01]} 41. Rbd1 { [%emt
0:00:07]} Bh6 {[%emt 0:00:01]} 42. Qb2 {[%emt 0:00:08]} Bxd2 {[%emt 0:00:05]}
43. Qxd2 {[%emt 0:00:02]} e4 {[%emt 0:00:00]} 44. Re3 {[%emt 0:00:06]} Rbe8
{[%emt 0:00:01]} 45. Rde1 {[%emt 0:00:04]} Qa8 {[%emt 0:00:02]} 46. Ra1 { [%emt
0:00:02]} Rf5 {[%emt 0:00:06]} 47. Kg2 {[%emt 0:00:13]} Ref8 {[%emt 0:00:01]}
48. Kg1 {[%emt 0:00:11]} Rxf2 {[%emt 0:00:07]} 49. Qxf2 {[%emt 0:00:01]} Rxf2
{[%emt 0:00:02]} 50. Kxf2 {[%emt 0:00:01]} Kf7 {[%emt 0:00:02]} 51. Ke1 { [%emt
0:00:06]} Ke6 {[%emt 0:00:01]} 52. Kd2 {[%emt 0:00:02]} Ke5 {[%emt 0:00:01]}
53. h3 {[%emt 0:00:05]} Qa4 {[%emt 0:00:01]} 54. Ra2 {[%emt 0:00:03]} Qb3
{[%emt 0:00:01]} 55. Ra1 {[%emt 0:00:16]} Qb2+ {[%emt 0:00:01]} 56. Kd1 { [%emt
0:00:03]} Qxa1+ {[%emt 0:00:01]} 57. Kd2 {[%emt 0:00:00]} Qb2+ {[%emt 0:00:01]}
58. Ke1 {[%emt 0:00:01]} Qxc3+ {[%emt 0:00:01]} 59. Kf2 {[%emt 0:00:01] } Qd2+
{[%emt 0:00:01]} 60. Kg1 {[%emt 0:00:01]} Qxe3+ {[%emt 0:00:01]} 61. Kh2 {[%emt
0:00:02]} Qe2+ {[%emt 0:00:00]} 62. Kg1 {[%emt 0:00:02]} d2 {[%emt 0:00:00]}
63. Kh1 {[%emt 0:00:05]} d1=Q# {[%emt 0:00:00] Mate} 0-1

[Event "DSJ Weihnachtsturnier U16: Lasker 2020"]
[Site ""]
[Date "2020.12.28"]
[Round "3"]
[White "Doll, Rebecca"]
[Black "Sickmann, Lisa"]
[Result "1-0"]
[Termination "normal"]
[Board "10.1"]
[WhiteElo "1762"]
[BlackElo "1510"]
[WhiteTeam "OSG Baden-Baden 2"]
[BlackTeam "Lübecker SV von 1873"]
[PlyCount "51"]
[WhiteFideId "16236890"]
[BlackFideId "16267818"]
[EventRounds "7"]
[EventType "team-swiss"]
[EventDate "2020.12.28"]

1. e4 {[%emt 0:00:10]} e5 {[%emt 0:00:52]} 2. Nf3 {[%emt 0:00:03]} Nc6 { [%emt
0:00:07]} 3. Bc4 {[%emt 0:00:04]} Bc5 {[%emt 0:00:08]} 4. O-O {[%emt 0:00:03]}
Nf6 {[%emt 0:00:05]} 5. d3 {[%emt 0:00:06]} h6 {[%emt 0:00:04]} 6. c3 { [%emt
0:00:04]} O-O {[%emt 0:00:04]} 7. h3 {[%emt 0:00:12]} d6 {[%emt 0:00:10]} 8.
Re1 {[%emt 0:00:02]} a6 {[%emt 0:00:10]} 9. d4 {[%emt 0:00:31]} Ba7 { [%emt
0:00:11]} 10. Bb3 {[%emt 0:00:05]} Re8 {[%emt 0:00:11]} 11. Bc2 {[%emt
0:00:23]} Be6 {[%emt 0:00:41]} 12. d5 {[%emt 0:00:04]} Bxh3 {[%emt 0:00:48]}
13. gxh3 {[%emt 0:01:16]} Qd7 {[%emt 0:00:04]} 14. Kh2 {[%emt 0:01:32]} Ng4+ {
[%emt 0:00:48]} 15. hxg4 {[%emt 0:00:44]} Qxg4 {[%emt 0:00:11]} 16. Rg1 { [%emt
0:00:14]} Qh5+ {[%emt 0:00:13]} 17. Kg2 {[%emt 0:00:02]} Qg4+ {[%emt 0:00:07]}
18. Kf1 {[%emt 0:00:03]} Qh3+ {[%emt 0:00:31]} 19. Ke1 {[%emt 0:00:03]} Nd4
{[%emt 0:00:53]} 20. cxd4 {[%emt 0:00:08]} exd4 {[%emt 0:00:05]} 21. Rg3 {
[%emt 0:01:32]} Qf5 {[%emt 0:00:42]} 22. Qe2 {[%emt 0:00:13]} d3 {[%emt
0:01:15]} 23. Bxd3 {[%emt 0:00:06]} Qf6 {[%emt 0:00:27]} 24. Be3 {[%emt
0:00:17]} Bxe3 {[%emt 0:00:14]} 25. fxe3 {[%emt 0:00:03]} c6 {[%emt 0:00:21]}
26. Nc3 { [%emt 0:00:03]} 1-0

[Event "DSJ Weihnachtsturnier U16: Lasker 2020"]
[Site ""]
[Date "2020.12.28"]
[Round "3"]
[White "Gossing, Marie-Sophie"]
[Black "Schulz, Victor"]
[Result "1/2-1/2"]
[Termination "normal"]
[Board "10.2"]
[WhiteElo "1269"]
[BlackElo "1510"]
[WhiteTeam "Lübecker SV von 1873"]
[BlackTeam "OSG Baden-Baden 2"]
[PlyCount "36"]
[WhiteFideId "16217284"]
[BlackFideId "36051268"]
[EventRounds "7"]
[EventType "team-swiss"]
[EventDate "2020.12.28"]

1. e4 {[%emt 0:00:01]} d5 {[%emt 0:00:08]} 2. exd5 {[%emt 0:00:19]} Nf6 { [%emt
0:00:04]} 3. Nf3 {[%emt 0:00:11]} Nxd5 {[%emt 0:00:03]} 4. Bc4 {[%emt 0:00:04]}
Nb6 {[%emt 0:00:07]} 5. Bb3 {[%emt 0:00:11]} Bf5 {[%emt 0:00:04]} 6. O-O {[%emt
0:00:09]} e6 {[%emt 0:00:04]} 7. d3 {[%emt 0:00:04]} Be7 {[%emt 0:00:21]} 8.
Bf4 {[%emt 0:00:20]} O-O {[%emt 0:00:06]} 9. Re1 {[%emt 0:00:48]} N8d7 {[%emt
0:00:19]} 10. Nbd2 {[%emt 0:00:15]} Nd5 {[%emt 0:00:10]} 11. Bxd5 { [%emt
0:00:16]} exd5 {[%emt 0:00:07]} 12. Nf1 {[%emt 0:00:05]} Nf6 {[%emt 0:00:34]}
13. Ng3 {[%emt 0:00:04]} Bg6 {[%emt 0:00:07]} 14. Bg5 {[%emt 0:00:13]} Re8
{[%emt 0:00:11]} 15. Ne5 {[%emt 0:00:30]} Nd7 {[%emt 0:00:19]} 16. Bxe7 { [%emt
0:01:20]} Rxe7 {[%emt 0:00:05]} 17. Nxd7 {[%emt 0:00:20]} Qxd7 {[%emt 0:00:06]}
18. Rxe7 {[%emt 0:00:07]} Qxe7 {[%emt 0:00:03] Luebeck3-002 offers a draw}
1/2-1/2

[Event "DSJ Weihnachtsturnier U16: Lasker 2020"]
[Site ""]
[Date "2020.12.28"]
[Round "3"]
[White "Neves, Carlos"]
[Black "Hellenbroich, Helene"]
[Result "1-0"]
[Termination "normal"]
[Board "10.3"]
[WhiteElo "1457"]
[BlackElo "1358"]
[WhiteTeam "OSG Baden-Baden 2"]
[BlackTeam "Lübecker SV von 1873"]
[PlyCount "25"]
[WhiteFideId "16258320"]
[BlackFideId "16270754"]
[EventRounds "7"]
[EventType "team-swiss"]
[EventDate "2020.12.28"]

1. d4 {[%emt 0:00:05]} e6 {[%emt 0:00:14]} 2. c4 {[%emt 0:00:06]} d5 {[%emt
0:00:03]} 3. g3 {[%emt 0:00:02]} Nf6 {[%emt 0:00:02]} 4. Bg2 {[%emt 0:00:04]}
b6 {[%emt 0:00:33]} 5. Nf3 {[%emt 0:00:06]} Bd6 {[%emt 0:00:04]} 6. O-O {[%emt
0:00:01]} O-O {[%emt 0:00:06]} 7. Qc2 {[%emt 0:00:02]} Bb7 {[%emt 0:00:13]} 8.
Rd1 {[%emt 0:00:06]} Nbd7 {[%emt 0:00:13]} 9. Nc3 {[%emt 0:00:31]} Rc8 { [%emt
0:00:28]} 10. b3 {[%emt 0:00:30]} c5 {[%emt 0:00:12]} 11. cxd5 {[%emt 0:00:02]}
Nxd5 {[%emt 0:00:22]} 12. Ng5 {[%emt 0:00:55]} cxd4 {[%emt 0:00:23]} 13. Qxh7#
{[%emt 0:00:04]} 1-0

[Event "DSJ Weihnachtsturnier U16: Lasker 2020"]
[Site ""]
[Date "2020.12.28"]
[Round "3"]
[White "Winkler, Yonathan"]
[Black "Fischer, Darja"]
[Result "1-0"]
[Termination "normal"]
[Board "11.1"]
[WhiteElo "1720"]
[BlackElo "1559"]
[WhiteTeam "Bielefelder Schachklub von 1883"]
[BlackTeam "Karlsruher SF 1853 2"]
[PlyCount "63"]
[WhiteFideId "16266080"]
[BlackFideId "16240898"]
[EventRounds "7"]
[EventType "team-swiss"]
[EventDate "2020.12.28"]

1. e4 {[%emt 0:00:06]} c5 {[%emt 0:00:02]} 2. Nf3 {[%emt 0:00:02]} a6 {[%emt
0:00:01]} 3. c3 {[%emt 0:00:01]} d5 {[%emt 0:00:02]} 4. exd5 {[%emt 0:00:02]}
Qxd5 {[%emt 0:00:01]} 5. d4 {[%emt 0:00:01]} e6 {[%emt 0:00:01]} 6. Be2 { [%emt
0:00:21]} Nf6 {[%emt 0:00:04]} 7. O-O {[%emt 0:00:07]} Be7 {[%emt 0:00:02]} 8.
c4 {[%emt 0:00:17]} Qd8 {[%emt 0:00:07]} 9. dxc5 {[%emt 0:00:05]} O-O { [%emt
0:00:14]} 10. Be3 {[%emt 0:00:23]} Qc7 {[%emt 0:00:07]} 11. a3 {[%emt 0:00:09]}
Bxc5 {[%emt 0:00:04]} 12. Bxc5 {[%emt 0:00:06]} Qxc5 {[%emt 0:00:00]} 13. Nc3
{[%emt 0:00:13]} Nc6 {[%emt 0:00:07]} 14. b4 {[%emt 0:00:04]} Qe7 { [%emt
0:00:02]} 15. Qc2 {[%emt 0:00:08]} Bd7 {[%emt 0:00:14]} 16. Rfd1 { [%emt
0:00:10]} Rad8 {[%emt 0:00:03]} 17. b5 {[%emt 0:00:12]} axb5 {[%emt 0:00:03]}
18. cxb5 {[%emt 0:00:06]} Nb8 {[%emt 0:00:15]} 19. a4 {[%emt 0:00:05]} Rc8
{[%emt 0:00:08]} 20. Qb3 {[%emt 0:00:07]} Rfd8 {[%emt 0:00:20]} 21. a5 { [%emt
0:00:07]} e5 {[%emt 0:00:57]} 22. Nd5 {[%emt 0:00:12]} Nxd5 {[%emt 0:00:05]}
23. Qxd5 {[%emt 0:00:01]} e4 {[%emt 0:00:24]} 24. Ne5 {[%emt 0:00:26]} Bg4
{[%emt 0:00:15]} 25. Qxf7+ {[%emt 0:01:45]} Qxf7 {[%emt 0:00:44]} 26. Rxd8+ {
[%emt 0:00:03]} Rxd8 {[%emt 0:00:12]} 27. Nxf7 {[%emt 0:00:01]} Kxf7 {[%emt
0:00:36]} 28. Bxg4 {[%emt 0:00:02]} Rd5 {[%emt 0:00:08]} 29. a6 {[%emt
0:00:08]} bxa6 {[%emt 0:02:06]} 30. bxa6 {[%emt 0:00:00]} Nxa6 {[%emt 0:00:28]}
31. Rxa6 {[%emt 0:00:00]} h5 {[%emt 0:00:05]} 32. Be6+ {[%emt 0:00:05]} 1-0

[Event "DSJ Weihnachtsturnier U16: Lasker 2020"]
[Site ""]
[Date "2020.12.28"]
[Round "3"]
[White "Schulz, Hannah"]
[Black "Borgstädt, Leif Jona"]
[Result "1-0"]
[Termination "normal"]
[Board "11.2"]
[WhiteElo "1539"]
[BlackElo "1376"]
[WhiteTeam "Karlsruher SF 1853 2"]
[BlackTeam "Bielefelder Schachklub von 1883"]
[PlyCount "115"]
[WhiteFideId "16244745"]
[BlackFideId "16266153"]
[EventRounds "7"]
[EventType "team-swiss"]
[EventDate "2020.12.28"]

1. e4 {[%emt 0:00:22]} e5 {[%emt 0:00:01]} 2. Nf3 {[%emt 0:00:02]} Nf6 { [%emt
0:00:03]} 3. Bc4 {[%emt 0:00:07]} Be7 {[%emt 0:00:21]} 4. Nxe5 {[%emt 0:00:13]}
O-O {[%emt 0:00:05]} 5. d3 {[%emt 0:00:09]} d6 {[%emt 0:00:04]} 6. Nf3 {[%emt
0:00:03]} Bg4 {[%emt 0:00:02]} 7. O-O {[%emt 0:00:02]} Nc6 {[%emt 0:00:02]} 8.
c3 {[%emt 0:00:03]} Re8 {[%emt 0:00:13]} 9. Re1 {[%emt 0:00:13]} a6 { [%emt
0:00:12]} 10. a4 {[%emt 0:00:03]} Ne5 {[%emt 0:00:06]} 11. Qb3 {[%emt 0:00:20]}
Bxf3 {[%emt 0:00:13]} 12. gxf3 {[%emt 0:00:04]} Rf8 {[%emt 0:00:05]} 13. Nd2
{[%emt 0:00:11]} Nxc4 {[%emt 0:00:06]} 14. Qxc4 {[%emt 0:00:05]} b6 { [%emt
0:00:09]} 15. Nf1 {[%emt 0:00:23]} Nh5 {[%emt 0:00:05]} 16. Ng3 {[%emt
0:00:12]} g6 {[%emt 0:00:48]} 17. Nxh5 {[%emt 0:00:12]} gxh5 {[%emt 0:00:02]}
18. Bh6 {[%emt 0:00:06]} Re8 {[%emt 0:00:02]} 19. Kh1 {[%emt 0:00:09]} Bf8 {
[%emt 0:00:14]} 20. Rg1+ {[%emt 0:00:04]} Kh8 {[%emt 0:00:02]} 21. Qd4+ { [%emt
0:00:08]} f6 {[%emt 0:00:23]} 22. Bg5 {[%emt 0:00:49]} Bg7 {[%emt 0:00:15]} 23.
Bh4 {[%emt 0:00:34]} c5 {[%emt 0:00:07]} 24. Qd5 {[%emt 0:00:13]} Qe7 {[%emt
0:00:20]} 25. Qxh5 {[%emt 0:00:28]} Qe5 {[%emt 0:00:22]} 26. Qxe5 { [%emt
0:00:29]} Rxe5 {[%emt 0:00:05]} 27. Rg2 {[%emt 0:00:10]} Rh5 {[%emt 0:00:11]}
28. Bg3 {[%emt 0:00:12]} Rg8 {[%emt 0:00:17]} 29. Bxd6 {[%emt 0:00:09]} Bf8
{[%emt 0:00:20]} 30. Rxg8+ {[%emt 0:00:07]} Kxg8 {[%emt 0:00:02]} 31. Bxf8
{[%emt 0:00:03]} Kxf8 {[%emt 0:00:03]} 32. Rg1 {[%emt 0:00:04]} Rh6 {[%emt
0:00:10]} 33. Rg3 {[%emt 0:00:06]} Kf7 {[%emt 0:00:02]} 34. Kg2 {[%emt
0:00:02]} Ke6 {[%emt 0:00:05]} 35. f4 {[%emt 0:00:11]} Rh4 {[%emt 0:00:12]} 36.
f5+ { [%emt 0:00:34]} Kf7 {[%emt 0:00:06]} 37. h3 {[%emt 0:00:06]} Rh5 {[%emt
0:00:08]} 38. Rg4 {[%emt 0:00:02]} h6 {[%emt 0:00:06]} 39. f4 {[%emt 0:00:06]}
a5 { [%emt 0:00:08]} 40. Kg3 {[%emt 0:00:05]} Kf8 {[%emt 0:01:00]} 41. Rg6
{[%emt 0:00:06]} Kf7 {[%emt 0:00:07]} 42. Kg4 {[%emt 0:00:03]} Rg5+ {[%emt
0:00:10]} 43. fxg5 {[%emt 0:00:03]} hxg5 {[%emt 0:00:11]} 44. h4 {[%emt
0:00:04]} gxh4 { [%emt 0:00:13]} 45. Kxh4 {[%emt 0:00:02]} Ke7 {[%emt 0:00:01]}
46. Kh5 { [%emt 0:00:02]} Kf7 {[%emt 0:00:42]} 47. Kh6 {[%emt 0:00:14]} Ke7
{[%emt 0:00:06]} 48. Kg7 {[%emt 0:00:02]} Kd6 {[%emt 0:00:10]} 49. Rxf6+ {[%emt
0:00:02]} Kd7 {[%emt 0:00:02]} 50. Rxb6 {[%emt 0:00:06]} Kd8 {[%emt 0:00:03]}
51. Rb5 { [%emt 0:00:04]} Kc8 {[%emt 0:00:08]} 52. Rxc5+ {[%emt 0:00:16]} Kb8
{[%emt 0:00:05]} 53. Rxa5 {[%emt 0:00:05]} Kb7 {[%emt 0:00:02]} 54. Kf6 {[%emt
0:00:06]} Kc7 {[%emt 0:00:02]} 55. Ra6 {[%emt 0:00:03]} Kd8 {[%emt 0:00:02]}
56. Ra7 { [%emt 0:00:02]} Ke8 {[%emt 0:00:02]} 57. e5 {[%emt 0:00:02]} Kf8
{[%emt 0:00:02]} 58. Ra8# {[%emt 0:00:02]} 1-0

[Event "DSJ Weihnachtsturnier U16: Lasker 2020"]
[Site ""]
[Date "2020.12.28"]
[Round "3"]
[White "Borghini, Antoine"]
[Black "Liu, Leon"]
[Result "1/2-1/2"]
[Termination "normal"]
[Board "11.3"]
[WhiteElo "1384"]
[BlackElo "1230"]
[WhiteTeam "Bielefelder Schachklub von 1883"]
[BlackTeam "Karlsruher SF 1853 2"]
[PlyCount "36"]
[WhiteFideId "34616144"]
[BlackFideId "16275047"]
[EventRounds "7"]
[EventType "team-swiss"]
[EventDate "2020.12.28"]

1. d4 {[%emt 0:00:04]} d5 {[%emt 0:00:50]} 2. c4 {[%emt 0:00:02]} e6 {[%emt
0:00:01]} 3. Nc3 {[%emt 0:00:02]} Nf6 {[%emt 0:00:02]} 4. Bg5 {[%emt 0:00:02]}
Nbd7 {[%emt 0:00:02]} 5. Nf3 {[%emt 0:00:04]} Be7 {[%emt 0:00:03]} 6. cxd5 {
[%emt 0:00:03]} exd5 {[%emt 0:00:02]} 7. e3 {[%emt 0:00:05]} O-O {[%emt
0:00:02]} 8. Bd3 {[%emt 0:00:03]} b6 {[%emt 0:00:15]} 9. Qc2 {[%emt 0:00:02]}
g6 { [%emt 0:00:01]} 10. Bh6 {[%emt 0:00:07]} Re8 {[%emt 0:00:04]} 11. h3
{[%emt 0:00:01]} c5 {[%emt 0:00:05]} 12. O-O {[%emt 0:00:07]} c4 {[%emt
0:00:03]} 13. Be2 {[%emt 0:00:04]} Bb4 {[%emt 0:00:10]} 14. a3 {[%emt 0:00:05]}
Bxc3 { [%emt 0:00:01]} 15. bxc3 {[%emt 0:00:02]} Ne4 {[%emt 0:00:05]} 16. Rfe1
{ [%emt 0:00:18]} Ndf6 {[%emt 0:00:08]} 17. Ng5 {[%emt 0:00:29]} Bf5 {[%emt
0:00:17]} 18. Qb2 {[%emt 0:00:26]} Kh8 {[%emt 0:00:49] Bielefd1-003 offers a
draw} 1/2-1/2

[Event "DSJ Weihnachtsturnier U16: Lasker 2020"]
[Site ""]
[Date "2020.12.28"]
[Round "3"]
[White "Kolkmann, Tom"]
[Black "Falke, Philipp"]
[Result "0-1"]
[Termination "normal"]
[Board "12.1"]
[WhiteElo "1560"]
[BlackElo "1334"]
[WhiteTeam "Rhedaer Schachverein von 1931"]
[BlackTeam "Post SV Uelzen"]
[PlyCount "64"]
[WhiteFideId "34607013"]
[BlackFideId "16294696"]
[EventRounds "7"]
[EventType "team-swiss"]
[EventDate "2020.12.28"]

1. e4 {[%emt 0:00:05]} c5 {[%emt 0:00:02]} 2. Nf3 {[%emt 0:00:02]} d6 {[%emt
0:00:03]} 3. d4 {[%emt 0:00:02]} cxd4 {[%emt 0:00:00]} 4. Qxd4 {[%emt 0:00:02]}
Nc6 {[%emt 0:00:14]} 5. Bb5 {[%emt 0:00:03]} Bd7 {[%emt 0:00:11]} 6. Bxc6 {
[%emt 0:00:07]} Bxc6 {[%emt 0:00:00]} 7. Nc3 {[%emt 0:00:03]} e6 {[%emt
0:00:37]} 8. Be3 {[%emt 0:00:50]} Nf6 {[%emt 0:00:25]} 9. e5 {[%emt 0:00:23]}
Nd5 { [%emt 0:00:43]} 10. exd6 {[%emt 0:00:36]} Qxd6 {[%emt 0:00:06]} 11. Nxd5
{ [%emt 0:01:05]} Qxd5 {[%emt 0:00:22]} 12. Qxd5 {[%emt 0:00:47]} Bxd5 {[%emt
0:00:00]} 13. Ke2 {[%emt 0:00:03]} Bd6 {[%emt 0:00:13]} 14. b3 {[%emt 0:00:13]}
Rc8 {[%emt 0:00:12]} 15. c4 {[%emt 0:00:04]} Be4 {[%emt 0:00:06]} 16. Bxa7 {
[%emt 0:00:14]} O-O {[%emt 0:00:16]} 17. Rad1 {[%emt 0:00:36]} Bb4 {[%emt
0:00:13]} 18. Rd4 {[%emt 0:00:40]} Bg6 {[%emt 0:00:49]} 19. Rhd1 {[%emt
0:00:19]} Ra8 {[%emt 0:00:21]} 20. c5 {[%emt 0:01:06]} Bc3 {[%emt 0:01:05]} 21.
Rc4 { [%emt 0:00:25]} Bf6 {[%emt 0:00:12]} 22. Bb6 {[%emt 0:01:01]} Rxa2+
{[%emt 0:00:05]} 23. Ke3 {[%emt 0:00:11]} Rb2 {[%emt 0:00:23]} 24. b4 {[%emt
0:00:15]} Ra8 {[%emt 0:00:19]} 25. Rd7 {[%emt 0:00:53]} Ra3+ {[%emt 0:00:08]}
26. Kf4 { [%emt 0:00:08]} e5+ {[%emt 0:00:08]} 27. Kg4 {[%emt 0:00:35]} h5+
{[%emt 0:00:08]} 28. Kh3 {[%emt 0:00:03]} e4 {[%emt 0:00:39]} 29. Rxb7 {[%emt
0:00:02]} exf3 {[%emt 0:00:05]} 30. Rb8+ {[%emt 0:00:03]} Kh7 {[%emt 0:00:03]}
31. c6 { [%emt 0:00:02]} Rxf2 {[%emt 0:00:12]} 32. gxf3 {[%emt 0:00:02]} Raxf3#
{ [%emt 0:00:03]} 0-1